000 00488nam a22001577a 4500
005 20250128083104.0
008 250128b |||||||| |||| 00| 0 eng d
020 _a978-1-953716-07-1
082 _aFil. 808.839972 B814 2020
100 _aBrainard, Ceclia M.
245 _aAcapulco, at sunset and other stories /
_cCecilia Manguerra Brainard
260 _aSanta Monica, CA:
_bPalh,
_cc2020
300 _a152p.
541 _e7730 c.1, 7731 c.2
650 _aPhilippine short stories (English)
999 _c2376
_d2376